[Event "CHI-ch Schools"]
[Site "Arica"]
[Date "2015.08.28"]
[Round "5.7"]
[White "Tapia Loncon, Andres Saul"]
[Black "Ruiz Zamorano, Maximiliano Benja"]
[Result "1-0"]
[WhiteElo "1706"]
[BlackElo "1562"]
[PlyCount "123"]
[EventDate "2015.08.25"]
[EventType "swiss"]
[EventRounds "7"]
[EventCountry "CHI"]
[SourceTitle "EXT 2024"]
[Source "ChessBase"]
[SourceDate "2023.10.10"]
[SourceVersion "1"]
[SourceVersionDate "2023.10.10"]
[SourceQuality "1"]

1. d4 Nf6 2. Nf3 g6 3. g3 Bg7 4. Bg2 d5 5. 0-0 0-0 6. c4 e6 7. Nc3 Nbd7 8. Bg5 c6 9. Ne5 h6 10. Bf4 Nb6 11. c5 Nbd7 12. Nxd7 Nxd7 13. Bd6 Re8 14. f4 b6 15. b4 bxc5 16. bxc5 Bf8 17. Bxf8 Rxf8 18. e4 Qa5 19. Qc2 Ba6 20. Rfe1 Bc4 21. Bf1 Qa6 22. Rac1 Bxf1 23. Rxf1 Qc4 24. Qd2 Nf6 25. e5 Nd7 26. Rfe1 Qa6 27. Qe2 Qxe2 28. Nxe2 Rab8 29. Rb1 Rxb1 30. Rxb1 Rb8 31. Rb3 Kf8 32. Kf2 Ke7 33. Ra3 Rb7 34. g4 Nb8 35. Rh3 Rb2 36. a3 Ra2 37. Rb3 Nd7 38. Kf3 Kd8 39. h3 Kc7 40. Ng3 Rh2 41. a4 Rxh3 42. a5 Nb8 43. Rb2 h5 44. gxh5 gxh5 45. Kg2 Rh4 46. Rf2 Nd7 47. Ne2 Rg4+ 48. Kh3 Kb7 49. Ng3 Ka6 50. Nxh5 Rg8 51. f5 Rh8 52. Kg4 Rg8+ 53. Kh4 Rf8 54. fxe6 fxe6 55. Nf6 Nxf6 56. exf6 Kxa5 57. Kg5 Kb4 58. Rf3 Kc4 59. Rf4 Rb8 60. f7 Rf8 61. Kf6 a5 62. Kg7 1-0

[Event "CHI-ch qual"]
[Site "Vina del Mar"]
[Date "2014.12.26"]
[Round "1.1"]
[White "Ruiz Zamorano, Maximiliano Benja"]
[Black "Orellana Rastello, Hugo"]
[Result "1/2-1/2"]
[WhiteElo "1588"]
[BlackElo "1031"]
[PlyCount "65"]
[EventDate "2014.12.26"]
[EventType "swiss"]
[EventRounds "6"]
[EventCountry "CHI"]
[SourceTitle "EXT 2024"]
[Source "ChessBase"]
[SourceDate "2023.10.10"]
[SourceVersion "1"]
[SourceVersionDate "2023.10.10"]
[SourceQuality "1"]

1. e4 c5 2. Nc3 d6 3. f4 Nc6 4. Nf3 e6 5. d3 Qc7 6. g3 a6 7. Bg2 b5 8. Bd2 Bb7 9. 0-0 Nf6 10. h3 Be7 11. g4 h6 12. Ne2 Nd7 13. Ng3 g6 14. Qe2 a5 15. Rfe1 Bf6 16. Bc3 Bxc3 17. bxc3 b4 18. Qd2 Ba6 19. c4 Bb7 20. Rab1 Rd8 21. c3 Nb6 22. cxb4 axb4 23. Qb2 Ke7 24. f5 gxf5 25. exf5 e5 26. Ne4 f6 27. Kf2 Na5 28. Nfd2 Na4 29. Qc2 Nb6 30. Rh1 Nc6 31. Nb3 Rdg8 32. Qd2 Bc8 33. Rbf1 1/2-1/2